Car Part - Quiz Map - Statistics

General Stats
  • This quiz has been taken 175 times
  • The average score is 5 of 8
Answers on the Map
Answers color-coded by a green-red scale on the quiz's map according to % correct below.
 
Answer Stats
Answer % Correct
Wheel
82%
Door
81%
Side Windows
79%
Body
76%
Rear window
64%
Bumper
50%
Spoiler
50%
Headlight
31%
No matching quizzes found
Score Distribution
Percent of People with Each Score
Percentile by Number Answered
Your Score History
You have not taken this quiz